CO ROBIMY PODCZAS PRZERWY NA REKLAMY? - Statystyki

Ogólne statystyki
  • Ten quiz został rozwiązany 60 razy
    29 od ostatniego zresetowania
  • Średni wynik to 2 z 6
Statystyki odpowiedzi
Odpowiedź % Poprawnych
JEMY
100%
PIJEMY
67%
ROZMAWIAMY
22%
PALIMY
17%
WYCHODZIMY DO ŁAZIENKI
0%
ZMIENIAMY KANAŁ
0%
Nie znaleziono quizów pasujących do podanych kryteriów
Rozkład punktacji
Procent ludzi z każdym wynikiem
Percentyl według liczby udzielonych odpowiedzi
Twoja historia wyników
Nie rozwiązałeś tego quizu od ostatniego zresetowania